<?xml version="1.0" encoding="UTF-8"?>
<collection xmlns="http://www.loc.gov/MARC21/slim">
 <record>
  <leader>02397caa a2200457   4500</leader>
  <controlfield tag="001">1566498430</controlfield>
  <controlfield tag="003">DE-627</controlfield>
  <controlfield tag="005">20210815014002.0</controlfield>
  <controlfield tag="007">cr cn 008aaaaa</controlfield>
  <controlfield tag="008">171218s2016    xx |||||oo    00| ||ger c</controlfield>
  <datafield tag="024" ind1="7" ind2=" ">
   <subfield code="a">urn:nbn:de:bsz:16-akmb-400743</subfield>
   <subfield code="2">urn</subfield>
  </datafield>
  <datafield tag="024" ind1="7" ind2=" ">
   <subfield code="a">10.11588/akmb.2016.1.40074</subfield>
   <subfield code="2">doi</subfield>
  </datafield>
  <datafield tag="035" ind1=" " ind2=" ">
   <subfield code="a">(DE-627)1566498430</subfield>
  </datafield>
  <datafield tag="035" ind1=" " ind2=" ">
   <subfield code="a">(DE-576)496498436</subfield>
  </datafield>
  <datafield tag="035" ind1=" " ind2=" ">
   <subfield code="a">(DE-599)BSZ496498436</subfield>
  </datafield>
  <datafield tag="035" ind1=" " ind2=" ">
   <subfield code="a">(OCoLC)1263950138</subfield>
  </datafield>
  <datafield tag="040" ind1=" " ind2=" ">
   <subfield code="a">DE-627</subfield>
   <subfield code="b">ger</subfield>
   <subfield code="c">DE-627</subfield>
   <subfield code="e">rda</subfield>
  </datafield>
  <datafield tag="041" ind1=" " ind2=" ">
   <subfield code="a">ger</subfield>
  </datafield>
  <datafield tag="084" ind1=" " ind2=" ">
   <subfield code="a">KUNST</subfield>
   <subfield code="q">DE-16</subfield>
   <subfield code="2">fid</subfield>
  </datafield>
  <datafield tag="100" ind1="1" ind2=" ">
   <subfield code="a">Held, Laura</subfield>
   <subfield code="e">VerfasserIn</subfield>
   <subfield code="0">(DE-588)114993770X</subfield>
   <subfield code="0">(DE-627)1010292420</subfield>
   <subfield code="0">(DE-576)189827971</subfield>
   <subfield code="4">aut</subfield>
  </datafield>
  <datafield tag="245" ind1="1" ind2="0">
   <subfield code="a">Von Büchern, vom Lesen und der Einteilung in Kategorien, um Uneingeweihte zum Lesen zu verlocken</subfield>
   <subfield code="b">Eine Liebesgeschichte</subfield>
   <subfield code="c">Laura Held - (Bundeskunsthalle Bonn / Bibliothek)</subfield>
  </datafield>
  <datafield tag="264" ind1=" " ind2="1">
   <subfield code="a">Düsseldorf</subfield>
   <subfield code="b">AKMB</subfield>
   <subfield code="c">2016</subfield>
  </datafield>
  <datafield tag="264" ind1=" " ind2="0">
   <subfield code="a">Heidelberg</subfield>
   <subfield code="b">arthistoricum.net</subfield>
   <subfield code="c">05.07.2017</subfield>
  </datafield>
  <datafield tag="336" ind1=" " ind2=" ">
   <subfield code="a">Text</subfield>
   <subfield code="b">txt</subfield>
   <subfield code="2">rdacontent</subfield>
  </datafield>
  <datafield tag="337" ind1=" " ind2=" ">
   <subfield code="a">Computermedien</subfield>
   <subfield code="b">c</subfield>
   <subfield code="2">rdamedia</subfield>
  </datafield>
  <datafield tag="338" ind1=" " ind2=" ">
   <subfield code="a">Online-Ressource</subfield>
   <subfield code="b">cr</subfield>
   <subfield code="2">rdacarrier</subfield>
  </datafield>
  <datafield tag="500" ind1=" " ind2=" ">
   <subfield code="a">Elektronische Reproduktion der Druckausgabe</subfield>
  </datafield>
  <datafield tag="583" ind1="1" ind2=" ">
   <subfield code="a">Archivierung/Langzeitarchivierung gewährleistet</subfield>
   <subfield code="2">pdager</subfield>
   <subfield code="5">DE-16</subfield>
  </datafield>
  <datafield tag="655" ind1=" " ind2="7">
   <subfield code="a">Rezension</subfield>
   <subfield code="0">(DE-588)4049712-4</subfield>
   <subfield code="0">(DE-627)106186019</subfield>
   <subfield code="0">(DE-576)209083166</subfield>
   <subfield code="2">gnd-content</subfield>
  </datafield>
  <datafield tag="773" ind1="0" ind2="8">
   <subfield code="i">Enthalten in</subfield>
   <subfield code="a">Arbeitsgemeinschaft der Kunst- und Museumsbibliotheken</subfield>
   <subfield code="t">AKMB-News</subfield>
   <subfield code="d">Düsseldorf : arthistoricum.net, 1995</subfield>
   <subfield code="g">22(2016), 1, Seite 68-69</subfield>
   <subfield code="h">Online-Ressource</subfield>
   <subfield code="w">(DE-627)331437082</subfield>
   <subfield code="w">(DE-600)2052488-2</subfield>
   <subfield code="w">(DE-576)267762054</subfield>
   <subfield code="x">2197-7402</subfield>
   <subfield code="7">nnns</subfield>
  </datafield>
  <datafield tag="773" ind1="1" ind2="8">
   <subfield code="g">volume:22</subfield>
   <subfield code="g">year:2016</subfield>
   <subfield code="g">number:1</subfield>
   <subfield code="g">pages:68-69</subfield>
  </datafield>
  <datafield tag="787" ind1="0" ind2="8">
   <subfield code="i">Rezension von</subfield>
   <subfield code="a">Bivald, Katarina</subfield>
   <subfield code="t">Ein Buchladen zum Verlieben</subfield>
   <subfield code="d">München : btb-Verl., 2014</subfield>
   <subfield code="h">445 S.</subfield>
   <subfield code="w">(DE-627)1611175364</subfield>
   <subfield code="w">(DE-576)414962788</subfield>
   <subfield code="z">9783442754564</subfield>
   <subfield code="z">3442754569</subfield>
  </datafield>
  <datafield tag="856" ind1="4" ind2="0">
   <subfield code="u">http://nbn-resolving.de/urn:nbn:de:bsz:16-akmb-400743</subfield>
   <subfield code="x">Verlag</subfield>
   <subfield code="x">Resolving-System</subfield>
   <subfield code="z">kostenfrei</subfield>
   <subfield code="3">Volltext</subfield>
  </datafield>
  <datafield tag="856" ind1="4" ind2="0">
   <subfield code="u">https://doi.org/10.11588/akmb.2016.1.40074</subfield>
   <subfield code="x">Verlag</subfield>
   <subfield code="x">Resolving-System</subfield>
   <subfield code="z">kostenfrei</subfield>
   <subfield code="3">Volltext</subfield>
  </datafield>
  <datafield tag="935" ind1=" " ind2=" ">
   <subfield code="h">SWB</subfield>
   <subfield code="i">ld</subfield>
  </datafield>
  <datafield tag="936" ind1="u" ind2="w">
   <subfield code="d">22</subfield>
   <subfield code="j">2016</subfield>
   <subfield code="e">1</subfield>
   <subfield code="h">68-69</subfield>
  </datafield>
  <datafield tag="951" ind1=" " ind2=" ">
   <subfield code="a">AR</subfield>
  </datafield>
  <datafield tag="994" ind1=" " ind2=" ">
   <subfield code="u">https://journals.ub.uni-heidelberg.de/index.php/akmb-news/article/download/40074/33732/128335</subfield>
  </datafield>
  <datafield tag="994" ind1=" " ind2=" ">
   <subfield code="u">https://journals.ub.uni-heidelberg.de/index.php/akmb-news/article/download/40074/33732/128335</subfield>
  </datafield>
  <datafield tag="991" ind1=" " ind2=" ">
   <subfield code="a">Rezension (Monographie, Zeitschrift, Aufsatz)</subfield>
  </datafield>
  <datafield tag="999" ind1=" " ind2=" ">
   <subfield code="a">KXP-PPN1566498430</subfield>
   <subfield code="e">4151662200</subfield>
  </datafield>
 </record>
</collection>
